Statistics for Largest Islands by Letter

Click here to take the quiz!

General Stats

  • This quiz has been taken 23 times
  • The average score is 14 of 26

Answer Stats

LetterIslandCountry% Correct
TTasmaniaAustralia
96%
GGreenlandDenmark
91%
HHonshūJapan
91%
BBorneoBrunei; Indonesia; Malaysia
87%
SSumatraIndonesia
87%
MMadagascar
83%
NNew GuineaIndonesia; Papua New Guinea
83%
IIceland
78%
JJavaIndonesia
78%
ZZealandDenmark
78%
CCuba
74%
EEllesmere IslandCanada
74%
LLuzonPhilippines
74%
KKyūshūJapan
70%
VVictoria IslandCanada
65%
FFloresIndonesia
35%
OOctober Revolution IslandRussia
35%
DDevon IslandCanada
30%
PPrince of Wales IslandCanada
30%
YYuzhny IslandRussia
26%
AAlexander IslandArgentina*, Chile*, United Kingdom*
22%
QQeshmIran
17%
RRoosevelt IslandNew Zealand*
13%
WWetarIndonesia
9%
UUnimak IslandUnited States
4%
XXiushanChina
4%

Score Distribution

Percentile by Number Answered

Percent of People with Each Score

Your Score History

You have not taken this quiz